|
|
|
|
| LEADER |
00000nab a2200000 ar4500 |
| 001 |
vtls008620512 |
| 003 |
SK-MaSNL |
| 005 |
20260303071907.0 |
| 008 |
060206c20060103xo dr|p|||||||000 b|slo |
| 015 |
|
|
|a SNBRB2006/01
|2 snkbucl
|
| 038 |
|
|
|a SNKBUCL
|
| 040 |
|
|
|a SNKBUCL
|b slo
|c SNKBUCL
|e AACR2
|
| 041 |
0 |
|
|a slo
|
| 044 |
|
|
|a xo
|c SK
|
| 080 |
|
|
|a 796.342.071.1
|2 UDC-MRF-SK2
|
| 080 |
|
|
|a 929 Šarapova, Maria
|2 UDC-MRF-SK2
|
| 100 |
0 |
|
|a (et)
|4 aut
|9 839514
|
| 245 |
1 |
0 |
|a Ruska na tróne: Maria I.
|b historický zápis Márie Šarapovovej do svetového ženského tenisu
|c (et)
|
| 300 |
|
|
|b Fotogr.
|
| 600 |
1 |
7 |
|a Šarapova, Marija,
|d 1987-
|2 snkbucl
|9 218899
|
| 773 |
0 |
|
|t Šport
|g Roč. 60, č. 2 (3.1.2006), s. 30-31
|x 0139-7001
|
| 852 |
|
|
|a SNK
|b KIS3GCP
|
| 958 |
|
|
|a BC
|
| 999 |
|
|
|c 1761858
|d 1763788
|